000 00429nam a2200145Ia 4500
008 100122s9999 xx 000 0 und d
082 _b32689
_a821
100 _aदत्त प्रफुल्ल
245 _aप्रपंच-गीते
260 _bअभय प्रकाशन
_c1971
300 _a80
630 _aप्रपंच-गीते
730 _aप्रपंच-गीते
942 _cBOOK
999 _c417012
_d417009